Vista normal Vista MARC

Entrada Personal Name

Número de registros utilizados en: 1

001 - CONTROL NUMBER

  • control field: 40229

003 - CONTROL NUMBER IDENTIFIER

  • control field: OSt

005 - DATE AND TIME OF LATEST TRANSACTION

  • control field: 20210910102655.0

008 - FIXED-LENGTH DATA ELEMENTS

  • fixed length control field: 210910|| aca||aabn | a|a d

040 ## - CATALOGING SOURCE

  • Original cataloging agency: OSt
  • Transcribing agency: OSt

100 ## - HEADING--PERSONAL NAME

  • Personal name: Hernández R., Luis H.
  • Fuller form of name: (Luis Humberto Hernández Riveros)
  • Dates associated with a name: autor

670 ## - SOURCE DATA FOUND

  • Source citation: Work cat.: (OSt)12441: Hernández R., Luis H. (Luis Humberto Hernández Riveros) autor , Colombia, petróleo y política :, 2005.